| 000 | 00456cam a2200181ua 4500 | ||
|---|---|---|---|
| 001 | 12265 | ||
| 005 | 20260515114846.0 | ||
| 008 | 200821n ii |||gr||||Z||||||asm | ||
| 040 | _cMAIN | ||
| 082 | _a954.162 | ||
| 100 |
_aPadmanath Gohainborooah, _eAuthor. |
||
| 245 |
_aAsomar buranji _cBy Padmanath Gohainborooah |
||
| 250 | _a2nd ed. | ||
| 260 |
_aGuwahati: _bABT publication, _c2017. |
||
| 300 | _a256p. | ||
| 653 | _aSouth Asia India | ||
| 942 | _cBK | ||
| 999 |
_c11009 _d11009 |
||